V Latincorr 2003

Uloženo v:
Podrobná bibliografie
Médium: Kniha
Jazyk:španělština
angličtina
portugalština
Vydáno: Santiago s.n 2003
Témata:
Tagy: Přidat tag
Žádné tagy, Buďte první, kdo vytvoří štítek k tomuto záznamu!

MARC

LEADER 00000nam a2200000 a 4500
001 UCL3689
003 CL-VaPUC
005 20210313001843.0
008 031205e20030000cl 1 spa d
041 0 7 |a spa  |2 CL-VaPUC 
041 0 7 |a eng  |2 CL-VaPUC 
041 0 7 |a por  |2 CL-VaPUC 
082 0 4 |a 620.11223  |b LAT  |2 21 
245 1 0 |a V Latincorr 2003 
246 1 0 |a 5to. Congreso de corrosión de la NACE región latinoamericana 
246 1 0 |a 8vo. Congreso iberoamericano de corrosión y protección 
260 |a Santiago  |b s.n  |c 2003 
300 |a 1086 p 
583 |a last modification  |c 20180109 11:48:55  |k Rodrigo Vera 
650 0 7 |a CORROSION  |2 CL-VaPUC  |9 271912 
650 0 0 |a Protección del medio ambiente  |9 257626 
942 |c BK 
945 |a cmena  |d 20031205 00:00:00 
546 |a En Español 
546 |a En Inglés 
546 |a En Portugués 
536 |a Pontificia Universidad Católica de Chile 
536 |a Universidad Católica de Valparaíso 
536 |a Universidad de Santiago 
536 |a NACE 
536 |a CONICYT 
536 |a AICOP 
536 |a ACHCORR 
518 |p Latincorr, 5, Santiago, 20 al 24 de octubre de 2003 
999 |c 383946  |d 383944 
952 |0 0  |1 0  |4 0  |6 620_112230000000000_LAT_2003  |7 0  |8 A  |9 506278  |a BIBING  |b BIBING  |d 2020-01-23  |i 3972496  |o 620.11223 LAT 2003  |p 3972496  |r 2025-01-20  |w 2020-01-23  |y BK  |k EIQ